000
00369nam a22001577a 4500
003
MPLRDC
005
20220104123547.0
008
210129b ||||| |||| 00| 0 eng d
082
_a
427.1 CYJ c.2
100
_a
陈友记编著
245
_a
粥粉面饭
_c
260
_a
_b
香港得利书局
_c
1977
300
_b
平
650
_a
食谱
942
_c
BK
_o
427.1 CYJ c.2
999
_c
12382
_d
12372